<?xml version="1.0" encoding="UTF-8"?>
<marc:record xmlns:marc="http://www.loc.gov/MARC21/slim">
   <marc:leader>00000nam a2200000 a 4500</marc:leader>
   <marc:datafield ind1="1" ind2=" " tag="100">
      <marc:subfield code="a">Sendker, Jan-Philipp</marc:subfield>
      <marc:subfield code="4">aut</marc:subfield>
      <marc:subfield code="e">Verfasser/-in</marc:subfield>
   </marc:datafield>
   <marc:datafield ind1="0" ind2="0" tag="245">
      <marc:subfield code="a">Die Rebellin und der Dieb</marc:subfield>
   </marc:datafield>
   <marc:datafield ind1="0" ind2="0" tag="245">
      <marc:subfield code="c">Jan-Philipp Sendker</marc:subfield>
   </marc:datafield>
   <marc:datafield ind1=" " ind2="1" tag="264">
      <marc:subfield code="a">München</marc:subfield>
      <marc:subfield code="b">Random House Audio</marc:subfield>
      <marc:subfield code="c">2021</marc:subfield>
   </marc:datafield>
   <marc:datafield ind1="1" ind2=" " tag="520">
      <marc:subfield code="a">Angaben aus der Verlagsmeldung

Die Rebellin und der Dieb / von Jan-Philipp Sendker

Die bewegende Geschichte über eine verbotene Liebe

Der 18-jährige Niri und seine Familie haben eine bescheidene aber gesicherte Existenz als Bedienstete in der Villa einer reichen Familie. Bis die Pandemie kommt und Niris Familie in den Abgrund tiefster Armut starrt. Niri will nicht auf die Gnade einer gleichgültigen Regierung warten und schleicht nachts durch die abgeriegelte Stadt zurück zu der Villa, um zu holen, was die Familie zum Überleben braucht. Dort wartet seine Jugendfreundin Mary auf ihn, die ihm nicht nur Lebensmittel gibt, sondern einen größeren Plan hat, der das Leben der Stadt und der beiden für immer verändern wird.

Ungekürzte Lesung mit Jan-Philipp Sendker
6 CDs, ca. 7h 55min

</marc:subfield>
   </marc:datafield>
   <marc:datafield ind1=" " ind2=" " tag="020">
      <marc:subfield code="a">9783837157079</marc:subfield>
      <marc:subfield code="9">9783837157079</marc:subfield>
   </marc:datafield>
   <marc:datafield ind1=" " ind2=" " tag="020">
      <marc:subfield code="a">3837157075</marc:subfield>
      <marc:subfield code="9">3837157075</marc:subfield>
   </marc:datafield>
   <marc:datafield ind1=" " ind2=" " tag="300">
      <marc:subfield code="a">7 CDs</marc:subfield>
   </marc:datafield>
</marc:record>
